[Event "34th Andorra Open 2016"]
[Site "Escaldes AND"]
[Date "2016.08.03"]
[Round "1.25"]
[White "Perche, Louis"]
[Black "Aubry, Yannis"]
[Result "0-1"]
[WhiteElo "1803"]
[BlackElo "2269"]
[WhiteFideId "685054"]
[BlackFideId "20642407"]
[EventDate "2016.08.03"]

1. e4 c5 2. Nf3 e6 3. d4 cxd4 4. Nxd4 Nf6 5. Nc3 Nc6 6. Be3 Bb4 7. Bd3 d5 8. Bb5
Bd7 9. Bxc6 bxc6 10. e5 Ne4 11. Ne2 O-O 12. O-O Nxc3 13. Nxc3 Be7 14. Na4 Qa5
15. Qd4 Rfb8 16. b3 Rb5 17. Bd2 c5 18. Qd3 Qc7 19. Nc3 Rb7 20. Rfe1 c4 21. Qg3
Rc8 22. Rac1 Kh8 23. Ne2 Ba3 24. Rb1 cxb3 25. Rxb3 Rxb3 26. Qxb3 Qxc2 27. Qxa3
Qxd2 28. Kf1 Bb5 0-1

[Event "34th Andorra Open 2016"]
[Site "Escaldes AND"]
[Date "2016.08.05"]
[Round "3.16"]
[White "Guerra Reig, Juan"]
[Black "Berkovich, Mark A"]
[Result "0-1"]
[BlackTitle "IM"]
[WhiteElo "2019"]
[BlackElo "2346"]
[WhiteFideId "2224801"]
[BlackFideId "2801639"]
[EventDate "2016.08.03"]

1. c4 e5 2. Nc3 Nf6 3. d3 Bb4 4. e4 c6 5. Bg5 h6 6. Bh4 d6 7. a3 Ba5 8. Ne2 Be6
9. b4 Bb6 10. Na4 Bc7 11. Nec3 a6 12. d4 exd4 13. Qxd4 Nbd7 14. c5 dxc5 15. bxc5
Be5 16. Qb4 O-O 17. Bc4 Bxc3+ 18. Nxc3 a5 19. Qb3 Nxc5 20. Qa2 Qd4 21. Bxf6 gxf6 0-1

[Event "34th Andorra Open 2016"]
[Site "Escaldes AND"]
[Date "2016.08.08"]
[Round "6.7"]
[White "Antoli Royo, Joaquin Miguel"]
[Black "Kogan, Arthur"]
[Result "1-0"]
[WhiteTitle "IM"]
[BlackTitle "GM"]
[WhiteElo "2432"]
[BlackElo "2530"]
[WhiteFideId "2259532"]
[BlackFideId "2800802"]
[EventDate "2016.08.03"]

1. e4 c5 2. Nf3 d6 3. d4 cxd4 4. Qxd4 e5 5. Bb5+ Nd7 6. Qd3 h6 7. Nc3 Nf6 8. Nd2
Be7 9. Nc4 O-O 10. Bxd7 Qxd7 11. Ne3 Qc6 12. O-O Re8 13. Rd1 Be6 14. Ncd5 b5 15.
b3 a5 16. c4 bxc4 17. bxc4 Rac8 18. Rb1 Bxd5 19. exd5 Qa4 20. Rb3 e4 21. Qb1 Bd8
22. Ba3 Qd7 23. Rb7 Rc7 24. Rb6 Ng4 25. Rxd6 Qa4 26. Qb5 Qxb5 27. cxb5 Nxe3 28.
fxe3 Rb7 29. Rc6 Bg5 30. d6 Rd8 31. Rd5 Bxe3+ 32. Kf1 g6 33. Ke2 Bg5 34. Bb2 f5
35. Rc7 Rd7 36. Rxb7 Rxb7 37. d7 Bd8 38. a4 Kf7 39. Rd6 Rc7 40. Be5 Rc2+ 41. Kd1
Rc4 42. b6 Rxa4 43. b7 Rb4 44. Bf6 Bxf6 45. Rxf6+ Ke7 46. Rf8 Kxd7 47. b8=Q Rxb8
48. Rxb8 Kc6 49. Rh8 a4 50. Rxh6 a3 51. Rxg6+ Kb5 52. Rg8 f4 53. Kc2 a2 54. Ra8
a1=B 55. Rxa1 1-0

[Event "34th Andorra Open 2016"]
[Site "Escaldes AND"]
[Date "2016.08.10"]
[Round "8.6"]
[White "Prohaszka, Peter2"]
[Black "Barbot, Pierre1"]
[Result "0-1"]
[WhiteTitle "GM"]
[BlackTitle "IM"]
[WhiteElo "2604"]
[BlackElo "2444"]
[WhiteFideId "726265"]
[BlackFideId "663727"]
[EventDate "2016.08.03"]

1. d4 Nf6 2. c4 e6 3. Nc3 Bb4 4. Qc2 b6 5. e4 c5 6. d5 exd5 7. exd5 O-O 8. Bd3
d6 9. Ne2 Nbd7 10. Bg5 h6 11. Bh4 Ne5 12. O-O-O Bd7 13. h3 b5 14. cxb5 a6 15.
bxa6 c4 16. Bh7+ Kh8 17. f4 Ng6 18. Bxg6 fxg6 19. Qxg6 Rxa6 20. g4 Qa8 21. g5
hxg5 22. fxg5 Be8 23. Qc2 Nd7 24. Rdf1 Bh5 25. Bg3 Bxe2 26. Qxe2 Bxc3 27. Qh5+
Kg8 28. g6 Bxb2+ 29. Kc2 Nf6 30. Rxf6 Rxf6 31. Qh7+ Kf8 32. Bxd6+ Rfxd6 33. Re1
Rxg6 34. d6 Bf6 35. Qxg6 Rxa2+ 36. Kd1 Qd5+ 0-1

[Event "34th Andorra Open 2016"]
[Site "Escaldes AND"]
[Date "2016.08.10"]
[Round "8.21"]
[White "Bas Mas, Miguel"]
[Black "Leiro Giralt, Daniel"]
[Result "1-0"]
[WhiteElo "2123"]
[BlackElo "2199"]
[WhiteFideId "2237954"]
[BlackFideId "2211874"]
[EventDate "2016.08.03"]

1. e4 e5 2. Nf3 Nf6 3. d4 exd4 4. e5 Ne4 5. Qxd4 d5 6. exd6 Nxd6 7. Nc3 Nc6 8.
Qf4 Nf5 9. Bb5 Bd6 10. Qe4+ Ne7 11. Bg5 f6 12. Be3 Bf5 13. Bxc6+ bxc6 14. Qc4
Qd7 15. Nd4 Bg6 16. O-O-O Bf7 17. Qa4 O-O 18. Nb3 Rab8 19. Kb1 Rfd8 20. f3 Nd5
21. Nxd5 Bxd5 22. Rhe1 Qf7 23. Qxa7 Ra8 24. Qd4 Rdb8 25. Bf2 Rb4 26. Qc3 Rba4
27. a3 Rb8 28. Rd3 Be5 29. Bd4 Bc4 30. Nc5 Ba2+ 31. Ka1 Rc4 32. Qd2 Rxc5 33.
Bxe5 fxe5 34. Rd8+ Rxd8 35. Qxd8+ Qf8 36. Qxf8+ Kxf8 37. Kxa2 Rxc2 38. Kb3 Rxg2
39. Rxe5 Rxh2 40. a4 Rh1 41. a5 Ra1 42. Kb4 Kf7 43. Rh5 h6 44. Rc5 Ke6 45. Rxc6+
Kd7 46. Rg6 Kc8 47. Rxg7 Kb7 48. Kb5 Rf1 49. a6+ Kb8 50. Rg8+ Ka7 51. Rc8 Rc1
52. f4 h5 53. f5 c6+ 54. Rxc6 Rxc6 55. Kxc6 h4 56. Kb5 h3 57. f6 h2 58. f7 h1=Q
59. f8=Q 1-0

[Event "34th Andorra Open 2016"]
[Site "Escaldes AND"]
[Date "2016.08.10"]
[Round "8.24"]
[White "Veganzones Rojo, David"]
[Black "Sanchez Dengra, Jose Maria"]
[Result "0-1"]
[WhiteElo "2120"]
[BlackElo "2152"]
[WhiteFideId "2223767"]
[BlackFideId "22245391"]
[EventDate "2016.08.03"]

1. e4 c5 2. Nf3 Nc6 3. b3 d6 4. Bb2 e5 5. Bb5 Ne7 6. c3 a6 7. Bxc6+ Nxc6 8. O-O
Be7 9. h3 O-O 10. d4 f5 11. d5 Nb8 12. Nbd2 Qe8 13. Kh1 Qg6 14. Qe2 fxe4 15.
Nxe4 Bf5 16. Rfe1 Nd7 17. Ng3 Bd3 18. Qe3 c4 19. Ba3 Bd8 20. bxc4 Bxc4 21. Qd2
Be7 22. Rad1 b5 23. Ne4 h6 24. Qe3 Bxa2 25. Ng1 Bb3 26. Rd2 a5 27. Ne2 a4 28.
N2g3 Ra6 29. Rb2 Nb6 30. Nd2 Nxd5 31. Qe4 Qxe4 32. Ngxe4 Nf4 33. Re3 Bc4 34.
Nxc4 bxc4 35. Rb7 Rf7 36. Rf3 d5 37. Bxe7 dxe4 38. Re3 Nd5 0-1

[Event "34th Andorra Open 2016"]
[Site "Escaldes AND"]
[Date "2016.08.11"]
[Round "9.12"]
[White "Sanchez Dengra, Jose Maria"]
[Black "Prohaszka, Peter2"]
[Result "0-1"]
[BlackTitle "GM"]
[WhiteElo "2152"]
[BlackElo "2604"]
[WhiteFideId "22245391"]
[BlackFideId "726265"]
[EventDate "2016.08.03"]

1. e4 c6 2. d4 d5 3. e5 c5 4. dxc5 Nc6 5. Bb5 e6 6. Be3 Ne7 7. c3 Bd7 8. Bxc6
Bxc6 9. Bd4 a5 10. a4 Nf5 11. Nf3 Nxd4 12. cxd4 b6 13. O-O bxc5 14. dxc5 Qd7 15.
Qc2 Be7 16. Ra3 Rb8 17. Rc3 O-O 18. b3 d4 19. Rd1 dxc3 20. Rxd7 Bxd7 21. Nxc3
Bc6 22. Nd4 Rfc8 23. Nce2 Rb4 24. h3 Be8 25. c6 Rb6 26. Qd2 Bb4 27. Qe3 Bc5 28.
Qc3 Bb4 29. Qe3 Rbb8 30. Qf3 Rc7 31. Nc3 Rbc8 32. Ncb5 Bxc6 33. Nxc6 Rxc6 34.
Kh2 Rc2 35. Nd6 Rf8 36. Ne4 h6 37. Qd3 Rfc8 38. Qf3 Rd8 39. Nd6 Bxd6 40. exd6
Rd2 41. Qb7 R2xd6 42. b4 R6d7 43. Qb6 axb4 44. a5 Ra8 45. Qxb4 Rda7 46. Qb1 Rxa5
47. Qb7 Rf8 48. Kg3 Ra2 49. h4 Rd8 50. h5 Rdd2 51. Qb8+ Kh7 52. Qb1+ Rac2 53.
Qb7 Rxf2 54. Qe4+ f5 55. Qxe6 Rxg2+ 56. Kh4 Rg5 0-1

[Event "34th Andorra Open 2016"]
[Site "Escaldes AND"]
[Date "2016.08.11"]
[Round "9.20"]
[White "Smith, Matthieu"]
[Black "Garrido Fernandez, Daniel"]
[Result "1/2-1/2"]
[WhiteElo "2108"]
[BlackElo "2204"]
[WhiteFideId "640689"]
[BlackFideId "2206676"]
[EventDate "2016.08.03"]

1. Nf3 f5 2. b3 Nf6 3. Bb2 g6 4. c4 Bg7 5. g3 O-O 6. Bg2 d6 7. d4 c6 8. O-O Qc7
9. Nbd2 a5 10. Qc2 Na6 11. a3 Re8 12. e4 e5 13. dxe5 dxe5 14. c5 Kh8 15. Rfe1
Nxe4 16. Nxe4 fxe4 17. Nd2 Qe7 18. Nxe4 Bf5 19. Rac1 Rad8 20. Qc3 Rd5 21. b4
axb4 22. axb4 Bxe4 23. Rxe4 Qd7 24. Rce1 Rd3 25. Qc4 Qd5 26. Rxe5 Rxe5 27. Bxd5
Rxe1+ 28. Kg2 Rxd5 29. Bxg7+ Kxg7 30. Qc3+ Rde5 31. f4 Re3 32. Qd4 Re4 33. Qc3 1/2-1/2